Statistics for Smallest Countries with Long Names by Area

Click here to take the quiz!

General Stats

  • This quiz has been taken 17 times
  • The average score is 18 of 25

Answer Stats

LettersCountry% Correct
18Saint Kitts and Nevis
100%
27Federated States of Micronesia
94%
27Saint Vincent and the Grenadines
94%
17Trinidad and Tobago
94%
11Vatican City
94%
17Antigua and Barbuda
88%
13Liechtenstein
88%
15Marshall Islands
88%
10Saint Lucia
88%
14Solomon Islands
88%
10Luxembourg
81%
9Mauritius
81%
18Sao Tome and Principe
81%
9Cape Verde
75%
9San Marino
75%
10Seychelles
75%
9East Timor
63%
10El Salvador
50%
10Montenegro
50%
9Singapore
50%
9Swaziland
50%
16Equatorial Guinea
44%
12Guinea-Bissau
44%
9Macedonia
25%
11Switzerland
25%

Score Distribution

Percentile by Number Answered

Percent of People with Each Score

Your Score History

You have not taken this quiz